000 00547nam a2200193Ia 4500
003 GCL
008 140319s9999 xx 000 0 eng d
040 _aGCL /
_cGCL
082 0 4 _a553.61
_bV I
100 1 _aWAGNER, PETER
245 1 0 _aINTRODUCTION TO CLAY MINERALS: CHEMISTER, ORIGINS, USES AND ENVIRONMENTAL SIGNIFIENCE /
_cWAGNER, PETER
700 1 _aEARL, MICHAL J.
260 _a[S.N] :
_bABT AKVERT SKIRA S.A ،
_c1992
300 _a198 P
650 0 4 _aCHEMISTRY
650 0 4 _aORGANIC CHEMISTRY
650 0 4 _aCLAY
942 _2ddc
_cBK
999 _c14042
_d14042